| Tag |
First Indicator |
Second Indicator |
Subfields |
| LEADER |
00000cam a22000004a 4500 |
| 001 |
in00002459430 |
| 005 |
20151110101231.0 |
| 008 |
090211s2009 nyu 000 1 eng |
| 010 |
|
|
|a 2009005283
|
| 015 |
|
|
|a GBA904684
|2 bnb
|
| 016 |
7 |
|
|a 014878002
|2 Uk
|
| 019 |
|
|
|a 232979238
|
| 020 |
|
|
|a 1416591540
|
| 020 |
|
|
|a 9781416591542
|
| 029 |
1 |
|
|a BWX
|b R8776413
|
| 029 |
1 |
|
|a NZ1
|b 12873585
|
| 035 |
|
|
|a (OCoLC)ocn298599528
|
| 035 |
|
|
|a (OCoLC)298599528
|z (OCoLC)232979238
|
| 040 |
|
|
|a DLC
|c DLC
|d BTCTA
|d BAKER
|d YDXCP
|d UKM
|d C#P
|d BWX
|d UtOrBLW
|
| 049 |
|
|
|a TXAM
|
| 050 |
0 |
0 |
|a PS3623.I573
|b C66 2009
|
| 082 |
0 |
0 |
|a 813/.6
|2 22
|
| 100 |
1 |
|
|a Williamson, Michael Z.
|
| 245 |
1 |
0 |
|a Contact with chaos /
|c Michael Z. Williamson.
|
| 264 |
|
1 |
|a Riverdale, NY :
|b Baen ;
|a New York, NY : Distributed by Simon & Schuster,
|c [2009]
|
| 264 |
|
4 |
|c ©2009
|
| 300 |
|
|
|a 323 pages ;
|c 25 cm.
|
| 336 |
|
|
|a text
|b txt
|2 rdacontent
|
| 337 |
|
|
|a unmediated
|b n
|2 rdamedia
|
| 338 |
|
|
|a volume
|b nc
|2 rdacarrier
|
| 650 |
|
0 |
|a Life on other planets
|v Fiction.
|
| 650 |
|
0 |
|a Human-alien encounters
|v Fiction.
|
| 655 |
|
7 |
|a Science fiction.
|2 gsafd
|
| 856 |
4 |
2 |
|3 Contributor biographical information
|u http://www.loc.gov/catdir/enhancements/fy0905/2009005283-b.html
|t 0
|
| 856 |
4 |
2 |
|3 Publisher description
|u http://www.loc.gov/catdir/enhancements/fy0905/2009005283-d.html
|t 0
|
| 938 |
|
|
|a Baker and Taylor
|b BTCP
|n BK0007851070
|
| 938 |
|
|
|a Baker & Taylor
|b BKTY
|c 24.00
|d 18.00
|i 1416591540
|n 0007851070
|s active
|
| 938 |
|
|
|a YBP Library Services
|b YANK
|n 2886389
|
| 938 |
|
|
|a Blackwell Book Service
|b BBUS
|n R8776413
|c $24.00
|
| 948 |
|
|
|a cataloged
|b h
|c 2009/5/13
|d c
|e ceaton
|f 9:11:57 am
|
| 994 |
|
|
|a C0
|b TXA
|
| 999 |
|
|
|a MARS
|
| 999 |
f |
f |
|s 6e293f01-6e6e-3094-afe3-33f8a3803436
|i 56b794e4-ff00-3bd3-9e7f-d6509c03a059
|t 0
|
| 952 |
f |
f |
|p ric
|a Texas A&M University
|b Rellis Campus
|c Joint Library Facility
|d Remote Storage
|t 0
|e PS3623.I573 C66 2009
|h Library of Congress classification
|i unmediated -- volume
|m A14838763841
|
| 998 |
f |
f |
|a PS3623.I573 C66 2009
|t 0
|l Remote Storage
|